000 00590nam a2200217Ia 4500
003 OSt
005 20221007083041.0
006 a|||||r|||| 00| 0
007 ta
008 221006b |||||||| |||| 00| 0 eng d
024 _a46,338
037 _cDissertations
040 _aFLL
_cFLL
_beng
041 _2eng
_aeng
100 _aSHARMA Jyoti
_9311684
245 0 _aCritical examination of socio-legal protection of rights and dignity of senior citizens in India
260 _c2021
300 _a124p. x
_ccm.
942 _cDIS
_2CC
999 _c1168641
_d1168641